Laws and Emerging Technologies (Record no. 21826)
[ view plain ]
| 000 -LEADER | |
|---|---|
| fixed length control field | 00814nam a2200133Ia 4500 |
| 008 - FIXED-LENGTH DATA ELEMENTS--GENERAL INFORMATION | |
| fixed length control field | 220620s9999||||xx |||||||||||||| ||und|| |
| 020 ## - INTERNATIONAL STANDARD BOOK NUMBER | |
| International Standard Book Number | 9783040000000 |
| 245 #0 - TITLE STATEMENT | |
| Title | Laws and Emerging Technologies |
| 546 ## - LANGUAGE NOTE | |
| Language note | English[eng] |
| 650 ## - SUBJECT ADDED ENTRY--TOPICAL TERM | |
| Topical term or geographic name entry element | digitalization||large law firms||sociology of law||child sexual abuse material||child pornography||law enforcement||multidisciplinary work||legaltech||lawtech||justice||legal profession||legal design||law firms||legal education||Remote Sensing||personal data||privacy||drones||UAV||satellites||environmental monitoring||environmental law||building information modeling||integrated project delivery||public procurement||collaboration||infrastructure contracts||BIM |
| 700 ## - ADDED ENTRY--PERSONAL NAME | |
| Personal name | Salmerón-Manzano, Esther |
| 856 ## - ELECTRONIC LOCATION AND ACCESS | |
| Uniform Resource Identifier | <a href="https://mdpi.com/books/pdfview/book/4119">https://mdpi.com/books/pdfview/book/4119</a> |
| 942 ## - ADDED ENTRY ELEMENTS (KOHA) | |
| Koha item type | E-Books |
| Withdrawn status | Lost status | Damaged status | Not for loan | Home library | Current library | Date acquired | Total Checkouts | Date last seen | Price effective from | Koha item type |
|---|---|---|---|---|---|---|---|---|---|---|
| Kerala University of Digital Sciences, Innovation and Technology Knowledge Centre | Kerala University of Digital Sciences, Innovation and Technology Knowledge Centre | 20/06/2022 | 20/06/2022 | 20/06/2022 | E-Books |